| 000 | 00403nam a22001457a 4500 | ||
|---|---|---|---|
| 003 | CEME | ||
| 005 | 20210628204145.0 | ||
| 008 | 210218b xxu||||| |||| 00| 0 eng d | ||
| 040 | _c. | ||
| 082 | _a351.1 CIV'I | ||
| 245 | _aThe civil service regulations (c.s.r) applicable to the ferderal civil servants throughout pakistan | ||
| 260 |
_aRAWALPINDI _bIDEAL _c480P |
||
| 300 | _a480P | ||
| 942 |
_cBK _2ddc |
||
| 999 |
_c576437 _d576437 |
||